00893nam a2200205Ia 450000500170000000800410001702000150005808200230007310000340009624500750013025000180020526000310022330000350025450000240028950000360031350400330034950502390038265000350062165000310065620231102150548.0120622s1997 mx a 000 0 spa d a9681847520 4a001.42bT153p 19971 aTamayo y Tamayo, Marioeautor10aEl proceso de la investigación científicac/ Mario Tamayo y Tamayo a3a. edición3 aMéxicob: Limusac, 1997 a231 páginasb: ilustraciones aReimpresiones: 2000 aIncluye: glosario (pp. 205-225) abibliografía (pp. 227-231) aEl conocimiento científico La investigación científica El proyecto de la investigación científico El informe Administración del proyecto Evaluación de la investigación Normas para la presentación de trabajos escritos14aINVESTIGACIÓN CIENTÍFICA 24aMETODOLOGÍA CIENTÍFICA